प्रलय सिन्धु / (Record no. 118119)

MARC details
000 -LEADER
fixed length control field 01069nam a22002897a 4500
003 - CONTROL NUMBER IDENTIFIER
control field dpl
005 - DATE AND TIME OF LATEST TRANSACTION
control field 20180912133147.0
008 - FIXED-LENGTH DATA ELEMENTS--GENERAL INFORMATION
fixed length control field 180912b xxu||||| |||| 00| 0 eng d
010 ## - LIBRARY OF CONGRESS CONTROL NUMBER
LC control number A-989069
020 ## - INTERNATIONAL STANDARD BOOK NUMBER
Terms of availability 160.00
035 ## - SYSTEM CONTROL NUMBER
System control number A-989069, A-989093
037 ## - SOURCE OF ACQUISITION
Source of stock number/acquisition Cen Lib/Ret
040 ## - CATALOGING SOURCE
Original cataloging agency DPL
Language of cataloging HN
Transcribing agency 0
082 ## - DEWEY DECIMAL CLASSIFICATION NUMBER
Classification number
Item number याकूब
100 ## - MAIN ENTRY--PERSONAL NAME
Personal name याकूब यावर
9 (RLIN) 78432
245 ## - TITLE STATEMENT
Title प्रलय सिन्धु /
Statement of responsibility, etc याकूब यावर
246 ## - VARYING FORM OF TITLE
Title proper/short title Pralya sindhu
Remainder of title by Yakub Yavar
260 ## - PUBLICATION, DISTRIBUTION, ETC. (IMPRINT)
Place of publication, distribution, etc दिल्ली
Name of publisher, distributor, etc यात्री प्रकाशन
Date of publication, distribution, etc 1999
270 ## - ADDRESS
Address बी -131, गली न . 2, सादतपुर
City दिल्ली
Postal code 110094
300 ## - PHYSICAL DESCRIPTION
Extent 183पृष्ठ.
Dimensions 20सेमी(सजिल्द)
650 ## - SUBJECT ADDED ENTRY--TOPICAL TERM
Topical term or geographic name as entry element हिंदी साहित्य
9 (RLIN) 78433
650 ## - SUBJECT ADDED ENTRY--TOPICAL TERM
Topical term or geographic name as entry element ऐतिहासिक उपन्यास
9 (RLIN) 78434
650 ## - SUBJECT ADDED ENTRY--TOPICAL TERM
Topical term or geographic name as entry element hindi Literature
9 (RLIN) 78435
650 ## - SUBJECT ADDED ENTRY--TOPICAL TERM
Topical term or geographic name as entry element Historical novel
9 (RLIN) 29784
700 ## - ADDED ENTRY--PERSONAL NAME
Personal name
9 (RLIN) 78436
942 ## - ADDED ENTRY ELEMENTS (KOHA)
Source of classification or shelving scheme Dewey Decimal Classification
Koha item type Hindi Books
Classification part
Call number suffix याकूब
Holdings
Withdrawn status Lost status Damaged status Not for loan Home library Current library Date acquired Source of acquisition Cost, normal purchase price Total Checkouts Full call number Barcode Date last seen Copy number Cost, replacement price Price effective from Koha item type Public note Source of classification or shelving scheme Collection code
Written off       Central Library Central Library 10/09/2015 Cen Lib /Ret 160.00   उ याकूब A-989069 10/09/2015 1 160.00 10/09/2015 Hindi Books Written off on approval by DLB (By Circulation); dtd 15-06-2023    
        Shahdara Branch Shahdara Branch 12/09/2018 BPPD/PUB 160.00   उ याकूब A-989093 12/09/2018   160.00 12/09/2018 Hindi Books   Dewey Decimal Classification Fiction

© Delhi Public Library
Hit Counter
free hit counter